01440nam a2200337 a 4500001001100000003000800011006001900019007001500038008004100053010001700094020001500111040002100126035002100147050002600168082002500194100002700219245009900246260006800345300001400413504006400427533015200491650005300643650005300696650005600749650005600805651005500861655002900916710001700945856012500962999001501087ebr5002295CaPaEBRm u cr cn|||||||||000802s2000 enk sb 001 0 eng  z 00062141  z0521630525 aCaPaEBRcCaPaEBR a(OCoLC)17910107214aPN2596.L6bT39 2000eb04a792/.09421/090332211 aTaylor, George,d1940-14aThe French Revolution and the London stage, 1789-1805h[electronic resource] /cGeorge Taylor. aCambridge, UK ;aNew York :bCambridge University Press,c2000. ax, 263 p. aIncludes bibliographical references (p. 249-256) and index. aElectronic reproduction.bPalo Alto, Calif. :cebrary,d2013.nAvailable via World Wide Web.nAccess may be limited to ebrary affiliated libraries. 0aTheaterzEnglandzLondonxHistoryy18th century. 0aTheaterzEnglandzLondonxHistoryy19th century. 0aEnglish dramay18th centuryxHistory and criticism. 0aEnglish dramay19th centuryxHistory and criticism. 0aFrancexHistoryyRevolution, 1789-1799xInfluence. 7aElectronic books.2local2 aebrary, Inc.40uhttp://site.ebrary.com/lib/rucke/Doc?id=5002295zAn electronic book accessible through the World Wide Web; click to view c1680d1680